Medzinárodná vedecká konferencia 1. február 1999, Nitra

Podrobná bibliografia
Ďalší autori: Ďurák, Michal (Zostavovateľ, kompilátor), Tomáš, Jozef (Zostavovateľ, kompilátor)
Médium: Kniha
Jazyk:slovenčina
Fyzický popis:185 s. sch., tab. 30 cm
Vydavateľské údaje: V Nitre Slovenská poľnohospodárska univerzita 1999
ISBN:8071375586
Predmet:

MARC

LEADER 00000cam a2200000 a 4500
001 vtls001364996
003 SK-MaSNL
005 20260302034055.0
008 250414s1999 xo a r 100 0 slo
015 |a SNBA1999/09-03528 
020 |a 8071375586 
035 |a SNK000318648 
035 |a urn:nbn:sk:snk-amjs1z 
035 |a urn:nbn:sk:snk:ar-a0blgn 
035 |a 25571092-f3dc-4b0e-a420-afa6dfeee7f3 
040 |a SNK  |b slo  |c SNK  |e AACR2 
041 0 |a slo 
044 |a xo  |c SK 
080 |a 631(082)=00  |2 1981 
245 0 0 |a Medzinárodná vedecká konferencia  |b 1. február 1999, Nitra  |c [zostavili a redakčne upravili: Michal Ďurák, Jozef Tomáš] 
260 |a V Nitre  |b Slovenská poľnohospodárska univerzita  |c 1999 
300 |a 185 s.  |b sch., tab.  |c 30 cm 
500 |a Čiast. text čes. angl. a nem. 
500 |a Údaj o zost. prevzatý z tiráže 
500 |a 80 výt. 
504 |a Bibliogr. odkazy. Res. angl. 
650 0 7 |a poľnohospodárstvo  |x zborníky  |2 SNK  |9 292005 
655 7 |a zborníky konferencií  |2 SNKPH  |9 70153 
655 7 |a issue_zb  |2 SNK  |9 276493 
700 1 |a Ďurák, Michal  |4 com  |9 292006 
700 1 |a Tomáš, Jozef  |4 com  |9 23901 
752 |d Nitra 
852 |a Slovenská národná knižnica 
919 |a 80-7137-558-6 
954 |a odborná, vedecká literatúra pôvodná (slovenská)  |2 lita 
954 |a odborná, vedecká literatúra cudzojazyčná (svetová)  |2 lita 
958 |a ART 
958 |a TL 
958 |a NB 
958 |a OND 
999 |c 1064632  |d 1066562 
952 |t P60, <03>, [BOOK], {603}  |a SNK  |b SNK  |y PREZ  |7 0  |p 17A0197737  |o snkSB 60552  |i snkKSP 6181/99  |0 0  |1 0  |4 0  |d 1999-06-08  |f 1  |l 0  |r 2025-04-11 00:00:00  |w 2026-02-24 
952 |t P60, <04>, [BOOK], {604}  |a SNK  |b SNK  |y VYP  |7 0  |p 17A0197738  |o snkSB 60552 D1  |i snkKSP 6182/99  |0 0  |1 0  |4 0  |d 1999-06-08  |l 0  |r 2005-01-02 00:00:00  |w 2026-02-24